000 00851nam a2200241Ia 4500
003 OSt
005 20220923212817.0
006 a|||||r|||| 00| 0
007 ta
008 220922b |||||||| |||| 00| 0 hin d
024 _a155,925
037 _cTextual
040 _aARTS
_cARTS
_bhin
041 _2hin
_ahin
082 _aO152:g, M6
100 _aशर्मा, तिलकराज
_9156279
245 0 _aहिन्दी साहित्य का विवेषनात्मक इतिहास
246 _aHindī sāhitya kā viveṣhanātmak itihāsa
260 _aनई दिल्ली
_b आर्य बुक डिपों
_c1986
650 _aहिन्दी साहित्य
_9156264
942 _hO152:g, M6
_cTEXL
_2CC
999 _c311393
_d311393